<?xml version="1.0" encoding="UTF-8"?>
<record
    xmlns:xsi="http://www.w3.org/2001/XMLSchema-instance"
    xsi:schemaLocation="http://www.loc.gov/MARC21/slim http://www.loc.gov/standards/marcxml/schema/MARC21slim.xsd"
    xmlns="http://www.loc.gov/MARC21/slim">

  <leader>01193nam a22002177a 4500</leader>
  <controlfield tag="003">OSt</controlfield>
  <controlfield tag="005">20251218155459.0</controlfield>
  <controlfield tag="008">251218b        |||||||| |||| 00| 0 eng d</controlfield>
  <datafield tag="020" ind1=" " ind2=" ">
    <subfield code="a">97808244867836</subfield>
  </datafield>
  <datafield tag="040" ind1=" " ind2=" ">
    <subfield code="c">DCL</subfield>
  </datafield>
  <datafield tag="041" ind1=" " ind2=" ">
    <subfield code="a">English</subfield>
  </datafield>
  <datafield tag="082" ind1=" " ind2=" ">
    <subfield code="a">959.102</subfield>
  </datafield>
  <datafield tag="100" ind1=" " ind2=" ">
    <subfield code="a">Aung-Thwin, </subfield>
    <subfield code="c">Michael</subfield>
  </datafield>
  <datafield tag="245" ind1="1" ind2="0">
    <subfield code="a">Myanmar in the fifteenth century :</subfield>
    <subfield code="b"> a tale of two kingdoms / </subfield>
    <subfield code="c">Michael A. Aung-Thwin.</subfield>
  </datafield>
  <datafield tag="260" ind1=" " ind2=" ">
    <subfield code="a">Honolulu :</subfield>
    <subfield code="b">University of Hawai&#x2BB;i Press,</subfield>
    <subfield code="c">2017.</subfield>
  </datafield>
  <datafield tag="300" ind1=" " ind2=" ">
    <subfield code="a">xiv, 369 pages :</subfield>
    <subfield code="b">map ;</subfield>
    <subfield code="c">22 cm.</subfield>
  </datafield>
  <datafield tag="504" ind1=" " ind2=" ">
    <subfield code="a">Include bibliographies and index.</subfield>
  </datafield>
  <datafield tag="505" ind1=" " ind2=" ">
    <subfield code="a">Prelude to Ava -- The Ava convention -- Ava's founding fathers -- The consolidation of Ava -- The fifteenth century and the apogee of Ava -- Ava :
Pagan writ small -- The last decades and the decline of Ava -- Ava's legacy in Myanmar's history -- The "Pegu convention" and the "Mon
narrative" -- Sources for the reconstruction of Pegu -- The origins of Pegu and its founding fathers -- Yazadarit the Unifier -- The golden years at
Pegu : Shin Saw Bu, Dhammazedi, and Bannya Ram -- The historical legacy of the first Pegu dynasty</subfield>
  </datafield>
  <datafield tag="651" ind1=" " ind2=" ">
    <subfield code="a">Myanmar</subfield>
    <subfield code="v">History</subfield>
    <subfield code="y">To 1824.</subfield>
  </datafield>
  <datafield tag="942" ind1=" " ind2=" ">
    <subfield code="2">ddc</subfield>
    <subfield code="c">SHORT TERM</subfield>
    <subfield code="n">0</subfield>
  </datafield>
  <datafield tag="952" ind1=" " ind2=" ">
    <subfield code="0">0</subfield>
    <subfield code="1">0</subfield>
    <subfield code="2">ddc</subfield>
    <subfield code="4">0</subfield>
    <subfield code="7">0</subfield>
    <subfield code="8">E</subfield>
    <subfield code="a">DHAM</subfield>
    <subfield code="b">DHAM</subfield>
    <subfield code="c">ENBS</subfield>
    <subfield code="d">2025-12-18</subfield>
    <subfield code="l">0</subfield>
    <subfield code="o">959.102 Au 4084</subfield>
    <subfield code="p">EB00004084</subfield>
    <subfield code="r">2025-12-18 15:50:19</subfield>
    <subfield code="w">2025-12-18</subfield>
    <subfield code="y">SHORT TERM</subfield>
    <subfield code="A">4084</subfield>
  </datafield>
  <datafield tag="999" ind1=" " ind2=" ">
    <subfield code="c">2756</subfield>
    <subfield code="d">2756</subfield>
  </datafield>
</record>
